Mechanics of Solids (Record no. 594712)
[ view plain ]
| 000 -LEADER | |
|---|---|
| fixed length control field | 00345nam a22001337a 4500 |
| 020 ## - INTERNATIONAL STANDARD BOOK NUMBER | |
| International Standard Book Number | 9788120331907 |
| 040 ## - CATALOGING SOURCE | |
| Transcribing agency | NUST |
| 082 ## - DEWEY DECIMAL CLASSIFICATION NUMBER | |
| Classification number | 620.112 SIN |
| 100 ## - MAIN ENTRY--PERSONAL NAME | |
| Personal name | Singh, Arbind Kumar |
| 9 (RLIN) | 112215 |
| 245 ## - TITLE STATEMENT | |
| Title | Mechanics of Solids |
| 260 ## - PUBLICATION, DISTRIBUTION, ETC. | |
| Place of publication, distribution, etc. | New Delhi; |
| Name of publisher, distributor, etc. | Prentice-Hall of India, |
| Date of publication, distribution, etc. | 2007. |
| 650 ## - SUBJECT ADDED ENTRY--TOPICAL TERM | |
| Topical term or geographic name entry element | Mechanics of Solids |
| 9 (RLIN) | 61426 |
| 942 ## - ADDED ENTRY ELEMENTS (KOHA) | |
| Source of classification or shelving scheme | |
| Koha item type | Book |
| Withdrawn status | Lost status | Source of classification or shelving scheme | Damaged status | Not for loan | Permanent Location | Current Location | Shelving location | Date acquired | Total Checkouts | Full call number | Barcode | Date last seen | Price effective from | Koha item type |
|---|---|---|---|---|---|---|---|---|---|---|---|---|---|---|
| College of Electrical & Mechanical Engineering (CEME) | College of Electrical & Mechanical Engineering (CEME) | General Stacks | 05/09/2023 | 620.112 SIN | CEME-45434 | 05/09/2023 | 05/09/2023 | Book |
